[Event "DEM U14 2023"]
[Site "Willingen GER"]
[Date "2023.05.31"]
[Round "5"]
[White "Wunderlich, Elias"]
[Black "Besou, Hussain"]
[Result "0-1"]
[Termination "normal"]
[Board "1"]
[BlackTitle "FM"]
[WhiteElo "1815"]
[BlackElo "2304"]
[WhiteClock "00:22:23"]
[BlackClock "00:36:05"]
[PlyCount "120"]
[WhiteFideId "34608087"]
[BlackFideId "16269950"]
[EventCountry "GER"]
[EventRounds "9"]
[EventType "swiss"]
[EventDate "2023.05.27"]

1. e4 {[%clk 01:30:58]} {[%emt 17:28:26]} c5 {[%clk 01:30:54]} {[%emt
00:00:06]} 2. c3 {[%clk 01:31:23]} {[%emt 00:00:06]} d6 {[%clk 01:31:20]}
{[%emt 00:00:03]} 3. d4 {[%clk 01:31:50]} {[%emt 00:00:04]} Nf6 {[%clk
01:31:45]} {[%emt 00:00:04]} 4. Bd3 {[%clk 01:32:16]} {[%emt 00:00:04]} g6
{[%clk 01:32:05]} {[%emt 00:00:10]} 5. Nf3 {[%clk 01:32:39]} {[%emt 00:00:07]}
Bg7 {[%clk 01:32:28]} {[%emt 00:00:07]} 6. h3 {[%clk 01:33:05]} {[%emt
00:00:04]} O-O {[%clk 01:32:46]} {[%emt 00:00:12]} 7. O-O {[%clk 01:33:31]}
{[%emt 00:00:04]} cxd4 {[%clk 01:31:11]} {[%emt 00:02:05]} 8. cxd4 {[%clk
01:33:41]} {[%emt 00:00:20]} Nc6 {[%clk 01:31:12]} {[%emt 00:00:28]} 9. Nc3
{[%clk 01:33:50]} {[%emt 00:00:21]} e5 {[%clk 01:28:47]} {[%emt 00:02:55]} 10.
Be3 {[%clk 01:30:10]} {[%emt 00:04:11]} exd4 {[%clk 01:28:47]} {[%emt
00:00:30]} 11. Nxd4 {[%clk 01:30:26]} {[%emt 00:00:14]} d5 {[%clk 01:20:06]}
{[%emt 00:09:11]} 12. Nxc6 {[%clk 01:13:06]} {[%emt 00:17:50]} bxc6 {[%clk
01:17:31]} {[%emt 00:03:04]} 13. exd5 {[%clk 01:12:38]} {[%emt 00:00:58]} Nxd5
{[%clk 01:17:34]} {[%emt 00:00:27]} 14. Nxd5 {[%clk 01:12:55]} {[%emt
00:00:14]} cxd5 {[%clk 01:15:46]} {[%emt 00:02:18]} 15. Bc5 {[%clk 01:10:19]}
{[%emt 00:03:05]} Re8 {[%clk 01:15:31]} {[%emt 00:00:45]} 16. Bb5 {[%clk
01:10:06]} {[%emt 00:00:43]} Re6 {[%clk 01:13:13]} {[%emt 00:02:48]} 17. Bd4
{[%clk 01:06:36]} {[%emt 00:04:01]} Rb8 {[%clk 01:07:44]} {[%emt 00:05:59]} 18.
Bxg7 {[%clk 01:01:44]} {[%emt 00:05:22]} Kxg7 {[%clk 01:07:53]} {[%emt
00:00:22]} 19. Bc4 {[%clk 01:02:00]} {[%emt 00:00:13]} Rxb2 {[%clk 01:05:09]}
{[%emt 00:03:14]} 20. Bxd5 {[%clk 01:00:36]} {[%emt 00:01:54]} Rd6 {[%clk
01:00:46]} {[%emt 00:04:53]} 21. Qc1 {[%clk 01:00:08]} {[%emt 00:00:59]} Qf6
{[%clk 00:55:20]} {[%emt 00:05:56]} 22. Bf3 {[%clk 00:45:15]} {[%emt 00:15:22]}
Be6 {[%clk 00:43:04]} {[%emt 00:12:46]} 23. Rd1 {[%clk 00:17:00]} {[%emt
00:28:45]} Rdb6 {[%clk 00:35:40]} {[%emt 00:07:55]} 24. Qe3 {[%clk 00:08:36]}
{[%emt 00:08:53]} Bxa2 {[%clk 00:32:49]} {[%emt 00:03:22]} 25. Kh2 {[%clk
00:07:39]} {[%emt 00:01:26]} a6 {[%clk 00:24:40]} {[%emt 00:08:38]} 26. Rd7
{[%clk 00:04:42]} {[%emt 00:03:28]} Be6 {[%clk 00:24:00]} {[%emt 00:01:10]} 27.
Rd3 {[%clk 00:03:51]} {[%emt 00:01:21]} h5 {[%clk 00:17:45]} {[%emt 00:06:46]}
28. Ra5 {[%clk 00:03:29]} {[%emt 00:00:51]} Bf5 {[%clk 00:16:51]} {[%emt
00:01:24]} 29. Rdd5 {[%clk 00:03:23]} {[%emt 00:00:36]} h4 {[%clk 00:13:08]}
{[%emt 00:04:14]} 30. Rdc5 {[%clk 00:02:23]} {[%emt 00:01:29]} R2b5 {[%clk
00:11:44]} {[%emt 00:01:53]} 31. Rd5 {[%clk 00:01:52]} {[%emt 00:01:01]} Rxa5
{[%clk 00:10:39]} {[%emt 00:01:36]} 32. Rxa5 {[%clk 00:02:20]} {[%emt
00:00:02]} Rb5 {[%clk 00:11:00]} {[%emt 00:00:10]} 33. Rxb5 {[%clk 00:01:41]}
{[%emt 00:01:08]} axb5 {[%clk 00:11:25]} {[%emt 00:00:06]} 34. Qb3 {[%clk
00:01:45]} {[%emt 00:00:24]} Qe5+ {[%clk 00:11:17]} {[%emt 00:00:40]} 35. Kg1
{[%clk 00:01:57]} {[%emt 00:00:18]} Qe1+ {[%clk 00:11:11]} {[%emt 00:00:35]}
36. Kh2 {[%clk 00:02:22]} {[%emt 00:00:06]} Qxf2 {[%clk 00:11:06]} {[%emt
00:00:35]} 37. Qxb5 {[%clk 00:02:24]} {[%emt 00:00:29]} Qg3+ {[%clk 00:11:28]}
{[%emt 00:00:09]} 38. Kh1 {[%clk 00:02:28]} {[%emt 00:00:24]} Bxh3 {[%clk
00:11:07]} {[%emt 00:00:51]} 39. Qb2+ {[%clk 00:02:15]} {[%emt 00:00:44]} Kh7
{[%clk 00:11:25]} {[%emt 00:00:12]} 40. Qf6 {[%clk 00:01:42]} {[%emt 00:01:03]}
Be6 {[%clk 00:11:36]} {[%emt 00:00:19]} 41. Kg1 {[%clk 00:27:26]} {[%emt
00:04:45]} h3 {[%clk 00:40:41]} {[%emt 00:01:24]} 42. Kh1 {[%clk 00:26:42]}
{[%emt 00:01:15]} Qf2 {[%clk 00:36:22]} {[%emt 00:04:49]} 43. Qe7 {[%clk
00:24:22]} {[%emt 00:02:49]} hxg2+ {[%clk 00:35:11]} {[%emt 00:01:42]} 44. Bxg2
{[%clk 00:24:39]} {[%emt 00:00:12]} Qe1+ {[%clk 00:35:29]} {[%emt 00:00:13]}
45. Kh2 {[%clk 00:24:58]} {[%emt 00:00:11]} Qe5+ {[%clk 00:35:52]} {[%emt
00:00:07]} 46. Kg1 {[%clk 00:25:21]} {[%emt 00:00:07]} Kg7 {[%clk 00:36:09]}
{[%emt 00:00:13]} 47. Qh4 {[%clk 00:25:25]} {[%emt 00:00:26]} Qe3+ {[%clk
00:33:59]} {[%emt 00:02:40]} 48. Kf1 {[%clk 00:24:23]} {[%emt 00:01:32]} Bf5
{[%clk 00:33:35]} {[%emt 00:00:54]} 49. Qf2 {[%clk 00:21:36]} {[%emt 00:03:16]}
Qxf2+ {[%clk 00:33:33]} {[%emt 00:00:33]} 50. Kxf2 {[%clk 00:22:05]} {[%emt
00:00:01]} Kf6 {[%clk 00:33:55]} {[%emt 00:00:08]} 51. Kg3 {[%clk 00:21:52]}
{[%emt 00:00:43]} g5 {[%clk 00:34:18]} {[%emt 00:00:09]} 52. Bd5 {[%clk
00:21:13]} {[%emt 00:01:07]} Be6 {[%clk 00:34:37]} {[%emt 00:00:11]} 53. Bf3
{[%clk 00:21:16]} {[%emt 00:00:27]} Ke5 {[%clk 00:34:16]} {[%emt 00:00:51]} 54.
Bh5 {[%clk 00:21:20]} {[%emt 00:00:26]} f5 {[%clk 00:34:40]} {[%emt 00:00:06]}
55. Be8 {[%clk 00:21:42]} {[%emt 00:00:08]} f4+ {[%clk 00:35:04]} {[%emt
00:00:05]} 56. Kf2 {[%clk 00:22:04]} {[%emt 00:00:08]} g4 {[%clk 00:35:29]}
{[%emt 00:00:05]} 57. Bc6 {[%clk 00:22:29]} {[%emt 00:00:06]} g3+ {[%emt
00:00:58]} 58. Ke2 {[%clk 00:22:04]} {[%emt 00:00:37]} Bc4+ {[%clk 00:35:43]}
{[%emt 00:00:07]} 59. Ke1 {[%clk 00:22:18]} {[%emt 00:00:15]} Kd4 {[%clk
00:35:47]} {[%emt 00:00:25]} 60. Bg2 {[%clk 00:22:23]} {[%emt 00:00:25]} Ke3
{[%clk 00:36:05]} {[%emt 00:00:13]} 0-1

[Event "DEM U14 2023"]
[Site "Willingen GER"]
[Date "2023.05.31"]
[Round "5"]
[White "Nechitaylo, Nikita"]
[Black "Haug, Havard"]
[Result "0-1"]
[Termination "normal"]
[Board "2"]
[BlackTitle "CM"]
[WhiteElo "2144"]
[BlackElo "2202"]
[WhiteClock "00:24:05"]
[BlackClock "00:45:53"]
[PlyCount "96"]
[WhiteFideId "34138161"]
[BlackFideId "1547887"]
[EventCountry "GER"]
[EventRounds "9"]
[EventType "swiss"]
[EventDate "2023.05.27"]

1. d4 {[%clk 01:30:57]} {[%emt 00:00:03]} d5 {[%clk 01:30:55]} {[%emt
00:00:05]} 2. c4 {[%clk 01:31:16]} {[%emt 00:00:11]} e6 {[%clk 01:31:06]}
{[%emt 00:00:19]} 3. Nf3 {[%clk 01:31:37]} {[%emt 00:00:08]} Nf6 {[%clk
01:31:28]} {[%emt 00:00:07]} 4. Bg5 {[%clk 01:32:03]} {[%emt 00:00:06]} dxc4
{[%clk 01:24:21]} {[%emt 00:07:37]} 5. e4 {[%clk 01:30:45]} {[%emt 00:01:48]}
Be7 {[%clk 01:22:20]} {[%emt 00:02:30]} 6. Nc3 {[%clk 01:30:23]} {[%emt
00:00:53]} a6 {[%clk 01:18:31]} {[%emt 00:04:18]} 7. Bxc4 {[%clk 01:25:57]}
{[%emt 00:04:56]} b5 {[%clk 01:17:25]} {[%emt 00:01:37]} 8. Bd3 {[%clk
01:21:00]} {[%emt 00:05:27]} Bb7 {[%clk 01:14:03]} {[%emt 00:03:43]} 9. a3
{[%clk 01:20:08]} {[%emt 00:01:31]} O-O {[%clk 01:10:04]} {[%emt 00:04:29]} 10.
O-O {[%clk 01:09:04]} {[%emt 00:11:34]} Nbd7 {[%clk 01:08:21]} {[%emt
00:02:12]} 11. b4 {[%clk 01:05:40]} {[%emt 00:03:56]} h6 {[%clk 01:02:38]}
{[%emt 00:06:12]} 12. Bf4 {[%clk 01:00:50]} {[%emt 00:05:19]} Re8 {[%clk
00:55:17]} {[%emt 00:07:52]} 13. Qe2 {[%clk 00:51:56]} {[%emt 00:09:24]} Nf8
{[%clk 00:52:57]} {[%emt 00:02:50]} 14. Rac1 {[%clk 00:47:54]} {[%emt
00:04:31]} c6 {[%clk 00:52:00]} {[%emt 00:01:28]} 15. e5 {[%clk 00:36:15]}
{[%emt 00:12:09]} Nd5 {[%clk 00:51:48]} {[%emt 00:00:42]} 16. Nxd5 {[%clk
00:36:06]} {[%emt 00:00:39]} exd5 {[%clk 00:50:44]} {[%emt 00:01:33]} 17. Bd2
{[%clk 00:29:37]} {[%emt 00:06:59]} Qb6 {[%clk 00:47:05]} {[%emt 00:04:10]} 18.
Bc3 {[%clk 00:25:59]} {[%emt 00:04:07]} Ne6 {[%clk 00:44:10]} {[%emt 00:03:25]}
19. Qe3 {[%clk 00:23:05]} {[%emt 00:03:26]} Bc8 {[%clk 00:41:38]} {[%emt
00:03:01]} 20. Nd2 {[%clk 00:22:42]} {[%emt 00:00:52]} g6 {[%clk 00:40:18]}
{[%emt 00:01:51]} 21. h3 {[%clk 00:18:01]} {[%emt 00:05:11]} Qd8 {[%clk
00:35:44]} {[%emt 00:05:03]} 22. f4 {[%clk 00:14:10]} {[%emt 00:04:21]} Ng7
{[%clk 00:35:40]} {[%emt 00:00:33]} 23. g4 {[%clk 00:14:25]} {[%emt 00:00:16]}
f5 {[%clk 00:34:44]} {[%emt 00:01:28]} 24. exf6 {[%clk 00:08:23]} {[%emt
00:06:31]} Bxb4 {[%clk 00:31:37]} {[%emt 00:03:37]} 25. Qf2 {[%clk 00:08:49]}
{[%emt 00:00:06]} Bxc3 {[%clk 00:32:00]} {[%emt 00:00:05]} 26. fxg7 {[%clk
00:09:09]} {[%emt 00:00:10]} Bxd2 {[%clk 00:31:52]} {[%emt 00:00:37]} 27. Qxd2
{[%clk 00:09:35]} {[%emt 00:00:04]} Qf6 {[%clk 00:31:30]} {[%emt 00:00:54]} 28.
Bb1 {[%clk 00:04:56]} {[%emt 00:05:07]} Bd7 {[%clk 00:24:40]} {[%emt 00:07:20]}
29. g5 {[%clk 00:04:05]} {[%emt 00:01:22]} Qxg7 {[%clk 00:23:12]} {[%emt
00:01:57]} 30. gxh6 {[%clk 00:03:51]} {[%emt 00:00:45]} Qxh6 {[%clk 00:23:26]}
{[%emt 00:00:15]} 31. Qg2 {[%clk 00:04:12]} {[%emt 00:00:09]} Re3 {[%clk
00:19:35]} {[%emt 00:04:21]} 32. f5 {[%clk 00:02:10]} {[%emt 00:02:33]} Qh4
{[%clk 00:18:33]} {[%emt 00:01:32]} 33. Kh2 {[%clk 00:01:40]} {[%emt 00:00:59]}
Rae8 {[%clk 00:18:39]} {[%emt 00:00:25]} 34. Rc2 {[%clk 00:01:16]} {[%emt
00:00:54]} g5 {[%clk 00:18:23]} {[%emt 00:00:47]} 35. Rg1 {[%clk 00:00:34]}
{[%emt 00:01:12]} Kf7 {[%clk 00:17:42]} {[%emt 00:01:10]} 36. Qg4 {[%clk
00:00:33]} {[%emt 00:00:32]} Rh8 {[%clk 00:17:41]} {[%emt 00:00:31]} 37. Qxh4
{[%clk 00:00:31]} {[%emt 00:00:32]} Rxh4 {[%clk 00:18:05]} {[%emt 00:00:05]}
38. Rxg5 {[%clk 00:00:54]} {[%emt 00:00:07]} Rexh3+ {[%clk 00:18:07]} {[%emt
00:00:27]} 39. Kg2 {[%clk 00:01:16]} {[%emt 00:00:08]} Rh2+ {[%clk 00:17:22]}
{[%emt 00:01:15]} 40. Kg3 {[%clk 00:01:33]} {[%emt 00:00:13]} Rxc2 {[%clk
00:17:38]} {[%emt 00:00:15]} 41. Kxh4 {[%clk 00:01:05]} {[%emt 00:00:57]} Rh2+
{[%clk 00:15:37]} {[%emt 00:02:32]} 42. Kg4 {[%clk 00:26:27]} {[%emt 00:05:07]}
Rb2 {[%clk 00:45:59]} {[%emt 00:00:08]} 43. Bd3 {[%clk 00:25:20]} {[%emt
00:01:38]} Rd2 {[%clk 00:46:23]} {[%emt 00:00:05]} 44. Bb1 {[%clk 00:25:08]}
{[%emt 00:00:42]} Rd1 {[%clk 00:45:55]} {[%emt 00:00:59]} 45. Bc2 {[%clk
00:25:21]} {[%emt 00:00:16]} Rxd4+ {[%clk 00:46:21]} {[%emt 00:00:04]} 46. Kh5
{[%clk 00:24:28]} {[%emt 00:01:22]} Rd2 {[%clk 00:45:57]} {[%emt 00:00:55]} 47.
Bb1 {[%clk 00:24:17]} {[%emt 00:00:42]} Rb2 {[%clk 00:45:46]} {[%emt 00:00:40]}
48. Rg1 {[%clk 00:24:05]} {[%emt 00:00:42]} Kf6 {[%clk 00:45:53]} {[%emt
00:00:23]} 0-1

[Event "DEM U14 2023"]
[Site "Willingen GER"]
[Date "2023.05.31"]
[Round "5"]
[White "Dyachuk, Artem"]
[Black "Klaska, Philipp Leon"]
[Result "0-1"]
[Termination "normal"]
[Board "3"]
[WhiteTitle "FM"]
[WhiteElo "2312"]
[BlackElo "2026"]
[WhiteClock "00:09:38"]
[BlackClock "00:18:43"]
[PlyCount "150"]
[WhiteFideId "34107924"]
[BlackFideId "16238044"]
[EventCountry "GER"]
[EventRounds "9"]
[EventType "swiss"]
[EventDate "2023.05.27"]

1. Nf3 {[%emt 17:25:28]} Nf6 {[%emt 0:00:20]} 2. e3 {[%emt 0:01:01]} c5 {[%emt
0:03:57]} 3. b3 {[%emt 0:00:15]} b6 {[%emt 0:02:38]} 4. Bb2 {[%emt 0:02:00]}
Bb7 {[%emt 0:00:25]} 5. d4 {[%emt 0:02:23]} cxd4 {[%emt 0:01:55]} 6. exd4
{[%emt 0:00:45]} e6 {[%emt 0:01:54]} 7. Bd3 {[%emt 0:00:30]} Be7 {[%emt
0:02:27]} 8. O-O {[%emt 0:03:17]} O-O {[%emt 0:00:12]} 9. c4 {[%emt 0:02:05]}
d5 {[%emt 0:03:58]} 10. Qe2 {[%emt 0:02:52]} Nbd7 {[%emt 0:08:05]} 11. Nbd2
{[%emt 0:02:42]} Rc8 {[%emt 0:02:57]} 12. Rac1 {[%emt 0:09:10]} Re8 {[%emt
0:10:23]} 13. Ne5 {[%emt 0:16:45]} dxc4 {[%emt 0:07:11]} 14. bxc4 {[%emt
0:02:34]} Nxe5 {[%emt 0:02:51]} 15. dxe5 {[%emt 0:00:13]} Nd7 {[%emt 0:00:56]}
16. Rc3 {[%emt 0:01:12]} g6 {[%emt 0:12:32]} 17. Bb1 {[%emt 0:00:40]} Bf8
{[%emt 0:03:20]} 18. f4 {[%emt 0:07:38]} Nc5 {[%emt 0:06:35]} 19. Rg3 {[%emt
0:01:18]} Bg7 {[%emt 0:02:30]} 20. Nf3 {[%emt 0:00:50]} Bxf3 {[%emt 0:03:02]}
21. Qxf3 {[%emt 0:00:57]} Rc7 {[%emt 0:00:26]} 22. Bc3 {[%emt 0:04:33]} Qe7
{[%emt 0:04:09]} 23. Bc2 {[%emt 0:00:59]} Rec8 {[%emt 0:01:43]} 24. Bb4 {[%emt
0:06:57]} Qe8 {[%emt 0:02:35]} 25. Ba3 {[%emt 0:06:14]} Rd8 {[%emt 0:01:49]}
26. Qe3 {[%emt 0:01:30]} Qd7 {[%emt 0:01:52]} 27. h4 {[%emt 0:16:53]} Qd2
{[%emt 0:04:00]} 28. Rd1 {[%emt 0:01:50]} Qxe3+ {[%emt 0:00:08]} 29. Rxe3
{[%emt 0:00:04]} Rxd1+ {[%emt 0:00:14]} 30. Bxd1 {[%emt 0:00:03]} Rd7 {[%emt
0:00:14]} 31. Bb3 {[%emt 0:02:51]} Bf8 {[%emt 0:00:48]} 32. Kh2 Nxb3 {[%emt
0:06:22]} 33. Rxb3 Rd4 {[%emt 0:03:04]} 34. Kg3 {[%emt 0:00:22]} Rxc4 {[%emt
0:01:00]} 35. Bxf8 {[%emt 0:00:33]} Kxf8 {[%emt 0:00:05]} 36. Ra3 {[%emt
0:00:04]} Rc7 {[%emt 0:01:01]} 37. Kg4 {[%emt 0:00:10]} Kg7 {[%emt 0:01:15]}
38. h5 {[%emt 0:00:30]} a5 {[%emt 0:02:25]} 39. Kg5 {[%emt 0:01:20]} h6+ {[%emt
0:00:34]} 40. Kg4 {[%emt 0:00:03]} Rc2 {[%emt 0:00:37]} 41. g3 {[%emt 0:08:30]}
Rb2 {[%emt 0:02:05]} 42. Rc3 {[%emt 0:02:34]} a4 {[%emt 0:01:59]} 43. Rc6
{[%emt 0:07:39]} gxh5+ {[%emt 0:01:35]} 44. Kxh5 {[%emt 0:00:15]} a3 {[%emt
0:00:57]} 45. Kg4 {[%emt 0:01:44]} Rxa2 {[%emt 0:00:11]} 46. Rxb6 {[%emt
0:00:24]} Ra1 {[%emt 0:00:05]} 47. Ra6 {[%emt 0:00:23]} a2 {[%emt 0:00:05]} 48.
Ra8 {[%emt 0:00:20]} h5+ {[%emt 0:01:29]} 49. Kg5 {[%emt 0:00:19]} h4 {[%emt
0:00:06]} 50. f5 {[%emt 0:00:23]} exf5 {[%emt 0:00:57]} 51. e6 {[%emt 0:00:17]}
fxe6 {[%emt 0:00:43]} 52. Ra7+ {[%emt 0:00:10]} Kf8 {[%emt 0:00:15]} 53. Kf6
{[%emt 0:00:14]} Ke8 {[%emt 0:00:36]} 54. Ra8+ {[%emt 0:00:37]} Kd7 {[%emt
0:00:07]} 55. gxh4 {[%emt 0:00:50]} f4 {[%emt 0:00:40]} 56. Ra3 {[%emt
0:00:42]} f3 {[%emt 0:00:49]} 57. Rd3+ {[%emt 0:00:05]} Kc7 {[%emt 0:01:02]}
58. Rd2 {[%emt 0:01:57]} e5 {[%emt 0:00:50]} 59. Rc2+ {[%emt 0:01:17]} Kd6
{[%emt 0:00:56]} 60. Rd2+ {[%emt 0:00:05]} Kc5 {[%emt 0:00:31]} 61. Rc2+ {[%emt
0:00:05]} Kd4 {[%emt 0:00:32]} 62. Rh2 {[%emt 0:00:23]} e4 {[%emt 0:01:21]} 63.
h5 {[%emt 0:00:03]} e3 {[%emt 0:02:46]} 64. h6 {[%emt 0:00:04]} Rb1 {[%emt
0:01:23]} 65. Rxa2 {[%emt 0:06:07]} Rb6+ {[%emt 0:01:22]} 66. Kg5 {[%emt
0:00:05]} Rxh6 {[%emt 0:03:38]} 67. Ra4+ {[%emt 0:00:04]} Kd3 68. Ra3+ Ke2 69.
Ra2+ Kf1 70. Kf4 e2 71. Kxf3 e1=Q 72. Ra4 Qd1+ 73. Ke3 Qxa4 74. Kd2 Qa3 75. Kc2
Rh2+ 0-1

[Event "DEM U14 2023"]
[Site "Willingen GER"]
[Date "2023.05.31"]
[Round "5"]
[White "Sauer, Tim"]
[Black "Schuricht, Emil Frederick"]
[Result "1/2-1/2"]
[Termination "normal"]
[Board "4"]
[WhiteElo "2093"]
[BlackElo "1888"]
[WhiteClock "00:27:55"]
[BlackClock "00:30:13"]
[PlyCount "82"]
[WhiteFideId "16265726"]
[BlackFideId "16270185"]
[EventCountry "GER"]
[EventRounds "9"]
[EventType "swiss"]
[EventDate "2023.05.27"]

1. c4 {[%emt 0:00:06]} c6{[%emt 0:00:46]} 2. e4 {[%emt 0:00:20]} d5 {[%emt
0:00:07]} 3. exd5 {[%emt 0:00:06]} cxd5 {[%emt 0:00:05]} 4. d4 {[%emt 0:00:06]}
Nf6 {[%emt 0:00:10]} 5. Nc3 {[%emt 0:00:11]} Nc6 {[%emt 0:00:12]} 6. Nf3 {[%emt
0:00:05]} Bg4 {[%emt 0:00:05]} 7. Bg5 {[%emt 0:00:36]} Qa5 {[%emt 0:07:13]} 8.
Bxf6 {[%emt 0:04:07]} exf6 {[%emt 0:00:31]} 9. h3 {[%emt 0:01:04]} Be6 {[%emt
0:03:07]} 10. c5 {[%emt 0:09:45]} Be7 {[%emt 0:12:28]} 11. Bb5 {[%emt 0:08:57]}
O-O {[%emt 0:00:42]} 12. O-O {[%emt 0:00:33]} Qc7 {[%emt 0:07:12]} 13. a3
{[%emt 0:08:16]} g5 {[%emt 0:06:41]} 14. b4 {[%emt 0:18:12]} Kh8 {[%emt
0:07:44]} 15. Nh2 {[%emt 0:20:03]} Rg8 {[%emt 0:04:46]} 16. Qd3 {[%emt
0:00:42]} Qd7 {[%emt 0:12:56]} 17. Ne2 {[%emt 0:12:50]} Bf5 {[%emt 0:02:10]}
18. Qc3 {[%emt 0:00:17]} Bd8 {[%emt 0:04:27]} 19. Bd3 {[%emt 0:08:12]} Bc7
{[%emt 0:03:04]} 20. Ng3 {[%emt 0:00:28]} Bg6 {[%emt 0:02:17]} 21. Ng4 {[%emt
0:00:52]} Kg7 {[%emt 0:04:01]} 22. Ne3 {[%emt 0:00:40]} Ne7 {[%emt 0:08:30]}
23. Qc2 {[%emt 0:00:46]} Kh8 {[%emt 0:00:34]} 24. Ngf5 {[%emt 0:00:50]} Rae8
{[%emt 0:00:34]} 25. Rfe1 {[%emt 0:01:04]} Bb8 {[%emt 0:01:07]} 26. a4 {[%emt
0:01:42]} Nxf5 {[%emt 0:01:43]} 27. Nxf5 {[%emt 0:00:19]} Bxf5 {[%emt 0:00:18]}
28. Bxf5 {[%emt 0:00:03]} Qc7 {[%emt 0:00:27]} 29. g3 {[%emt 0:00:07]} h6
{[%emt 0:04:22]} 30. Kg2 {[%emt 0:00:15]} Kg7 {[%emt 0:00:28]} 31. Qb3 {[%emt
0:00:32]} Qd8 {[%emt 0:02:06]} 32. b5 {[%emt 0:00:38]} Bc7 {[%emt 0:01:24]} 33.
Rac1 {[%emt 0:02:09]} Ba5 {[%emt 0:00:23]} 34. Rxe8 {[%emt 0:00:37]} Rxe8 35.
c6 {[%emt 0:00:23]} bxc6 {[%emt 0:00:12]} 36. bxc6 {[%emt 0:00:13]} Re2 {[%emt
0:02:06]} 37. Rc2 {[%emt 0:01:02]} Rxc2 {[%emt 0:00:19]} 38. Qxc2 {[%emt
0:00:48]} Bb6 {[%emt 0:01:17]} 39. Bd7 {[%emt 0:00:31]} Qc7 {[%emt 0:00:17]}
40. Qc3 {[%emt 0:00:47]} Kg6 {[%emt 0:02:14]} 41. Qb4 {[%emt 0:03:51]} Kg7
{[%emt 0:01:39]} 42. Be8 {[%emt 0:10:57]} 1/2-1/2